000 007170000a22002050004500
090 _aAR
_b01340
245 1 0 _aMorphometric differentiation and species status of the allopatric fruit-eating bats Artibeus jamaicensis and A. Planirostris in Venezuela
650 1 4 _aFrugívoros
_993040
650 1 4 _aMorfometría
_993191
650 1 4 _aMurciélagos
_92659
650 1 4 _aEcología
_992250
650 1 4 _aEspeciación alopátrica
_994632
651 4 _lRío Orinoco
_pVenezuela
_992749
653 _gArtibeus
_eArtibeus jamaicensis
653 _gArtibeus
_eArtibeus planirostris
041 0 _aInglés
100 1 _aLim, Burton K.
_994560
942 _cARTICULO
773 1 _tStud Neotrop Fauna and Environm
_3488
_q65-71
_d1997
999 _c10425
_d10425